[Event "VIE-ch U11"]
[Site "Hai Phong"]
[Date "2018.07.09"]
[Round "4"]
[White "Luu, Quoc Viet"]
[Black "Le, Quy Tai"]
[Result "1-0"]
[WhiteElo "1904"]
[BlackElo "1899"]
[PlyCount "59"]
[EventDate "2018.07.07"]
[EventType "swiss"]
[EventRounds "9"]
[EventCountry "VIE"]
[SourceTitle "EXT 2019"]
[Source "ChessBase"]
[SourceDate "2018.10.10"]
[SourceVersion "1"]
[SourceVersionDate "2018.10.10"]
[SourceQuality "1"]

1. d4 d5 2. c4 e6 3. Nc3 b6 4. cxd5 exd5 5. Bf4 Bb7 6. e3 a6 7. Nf3 Bd6 8. Be5 f6 9. Bxd6 Qxd6 10. Bd3 Nd7 11. 0-0 Ne7 12. Qc2 g6 13. e4 0-0-0 14. Rac1 Nb8 15. Rfe1 Nbc6 16. a3 Kb8 17. exd5 Nxd5 18. Nxd5 Qxd5 19. Be4 Qf7 20. Bxc6 Bc8 21. d5 g5 22. Nd4 f5 23. Ne6 Rd6 24. Ba4 c5 25. Qc3 Rg8 26. Qe5 Qe7 27. b4 Kb7 28. bxc5 Rxe6 29. dxe6 b5 30. Bb3 1-0